Možnosti využitia e-learningu v konkrétnom podniku bakalárska práca

Gespeichert in:
Bibliographische Detailangaben
1. Verfasser: Benková, Margita
Körperschaft: Fakulta podnikového manažmentu EU. Katedra informačného manažmentu
Weitere Verfasser: Töröková, Anikó, 1963-
Format: Buch
Sprache:Slowakisch
Veröffentlicht: Bratislava 2015
Tags: Tag hinzufügen
Keine Tags, Fügen Sie das erste Tag hinzu!

MARC

LEADER 00000nbm a2200000 4500
001 0204102
005 20161212102828.7
041 0 |a slo 
044 |a SK 
245 1 0 |a Možnosti využitia e-learningu v konkrétnom podniku  |b bakalárska práca  |c Margita Benková ; školiteľ: Anikó Töröková 
264 1 |a Bratislava  |c 2015 
300 |a 50 s. 
100 1 |a Benková, Margita 
700 1 |a Töröková, Anikó, 1963- 
710 2 |a Fakulta podnikového manažmentu EU. Katedra informačného manažmentu